Zákony ''98. II.časť : Zborník úplných znení zákonov platných od 1.1.1998. Obchodný zákonník, občiansky zákonník, občiansky súdny poriadok, exekučný poriadok, živnostenský zákon

Salvato in:
Dettagli Bibliografici
Natura: Libro
Lingua:inglese
Pubblicazione: Žilina : Poradca podnikateľa, spol.s.r.o., 1998
Tags: Aggiungi Tag
Nessun Tag, puoi essere il primo ad aggiungerne!!

MARC

LEADER 00000nam a22000003a 4500
001 stu25788
005 20141122071615.6
008 980527s1998------------------------eng-d
020 |a 80-967544-9-1 
040 |a STU  |b slo 
041 0 |a eng 
080 |a 331.01:34 
245 |a Zákony ''98. II.časť :  |b Zborník úplných znení zákonov platných od 1.1.1998. Obchodný zákonník, občiansky zákonník, občiansky súdny poriadok, exekučný poriadok, živnostenský zákon 
260 |a Žilina :  |b Poradca podnikateľa, spol.s.r.o.,  |c 1998 
300 |a 608 s 
996 |b C95398  |c C*95398  |l CCXIV  |s P  |a 0  |w stu25788_0001